Wetland birds of Eastern North America - Statistics

General Stats
  • This quiz has been taken 122 times
  • The average score is 20 of 28
Answer Stats
Picture Answer % Correct
Mallard
99%
Wood Duck
89%
Great Blue Heron
88%
Osprey
88%
Great Egret
87%
Red-winged Blackbird
87%
Green Heron
86%
Belted Kingfisher
80%
Northern Shoveler
80%
Tree Swallow
79%
Double-crested Cormorant
74%
American Coot
73%
Black-crowned Night-heron
73%
American Woodcock
72%
Green-winged Teal
72%
American Bittern
70%
Marsh Wren
68%
Common Yellowthroat
66%
American Black Duck
62%
Sora
61%
Common Gallinule
59%
Wilson's Snipe
58%
Spotted Sandpiper
57%
Virginia Rail
56%
Sanderling
53%
Swamp Sparrow
53%
Northern Waterthrush
51%
Rusty Blackbird
36%
No matching quizzes found
Score Distribution
Percent of People with Each Score
Percentile by Number Answered
Your Score History
You have not taken this quiz